Los dueños de internet (Registro nro. 310795)

Detalles MARC
000 -ENCABEZADO
Número de control [NR] 00822 a2200229 4500
005 - FECHA Y HORA DE LA ÚLTIMA TRANSACCIÓN
control field 20181107141809.0
008 - DE LONGITUD FIJA DE DATOS DE ELEMENTOS - INFORMACIÓN GENERAL
Elementos de longitud fija [NR] 181101s2018 ag ||||| |||| 00| 0 spa d
020 ## - NUMERO INTERNACIONAL NORMALIZADO PARA LIBROS [R]
Número Internacional Normalizado del libro [NR] 9789873752834 (2a Ed.)
040 ## - FUENTE DE CATALOGACION [NR]
Agencia de catalogación original [NR] CO-BoUCM
Idioma de catalogación [NR] spa
Quien Cataloga Doris Forero
Quien Clasifica Doris Forero
041 ## - CODIGO DE IDIOMA [R]
Código de idioma para texto/pista de sonido o título separado [R] Español
100 10 - ASIENTO PRINCIPAL--NOMBRE PERSONAL [NR]
Nombre personal [NR] Zuazo, Natalia
ID Autoridad 94309
245 14 - MENCION DE TITULO [NR]
Título [NR] Los dueños de internet
Parte restante del título [NR] cómo nos dominan los gigantes de la tecnología y qué hacer para cambiarlo
Mención de responsabilidad, etc. [NR] Zuazo, Natalia
250 ## - MENCION DE EDICION [NR]
Mención de edición [NR] 2a Ed.
260 ## - PUBLICACION, DISTRIBUCION, ETC. (PIE DE IMPRENTA) [R]
Lugar de publicación, distribución, etc. [R] Buenos Aires (Argentina)
Nombre del editor, distribuidor, etc. [R] Penguin Random House
Fecha de publicación, distribución, etc. [R] 2018
300 ## - DESCRIPCION FISICA [R]
Extensión [R] 191 páginas
546 ## - NOTA DE IDIOMA [R]
Nota de idioma [NR] Texto en español
650 #7 - ASIENTO SECUNDARIO DE MATERIA - TERMINO TEMATICO [R]
9 (RLIN) 7754
Término temático o nombre geográfico como elemento de entrada [NR] Internet
650 #7 - ASIENTO SECUNDARIO DE MATERIA - TERMINO TEMATICO [R]
9 (RLIN) 19731
Término temático o nombre geográfico como elemento de entrada [NR] Monopolio
Subdivisión general [R] Tecnología
650 #7 - ASIENTO SECUNDARIO DE MATERIA - TERMINO TEMATICO [R]
9 (RLIN) 8143
Término temático o nombre geográfico como elemento de entrada [NR] Tecnología
Subdivisión general [R] Dominio de la sociedad
942 ## - ELEMENTOS DE ENTRADA AGREGADOS (KOHA)
Sistema de clasificación DEWEY
Tema principal Sociología
Tipo de ítem principal el descrito en 300a Libro
Edición 2
Clasificación 303.483
Parte restante de la signatura top. Z93
Existencias
Fecha de último préstamo Total préstamos Signatura topográfica Código de barras Última vez visto Ejemplar Costo de reposición Price effective from Tipo de ítem Perdido Sistema de clasificación Dañado No prestable Tipo de ítem específico Suprimido Ubicación habitual Ubicación actual Localización Fecha de creación Proveedor Forma de adquisición Costo
07/11/2018 1 303.483 Z93 100158529 03/12/2025 Ej.2 49900.00 26/10/2018 Libro   DEWEY     Libro   Claustro Claustro 4to piso 26/10/2018 37 Compra 49900.00
05/02/2024 2 303.483 Z93 100158528 03/12/2025 Ej.1 49900.00 26/10/2018 Libro   DEWEY     Libro   Claustro Claustro 4to piso 26/10/2018 37 Compra 49900.00